[Event "XXII Festival A"]
[Site "Arco ITA"]
[Date "2000.10.28"]
[Round "8"]
[White "Kloster, Josef"]
[Black "Genocchio, Daniele"]
[Result "1-0"]
[WhiteElo "2135"]
[BlackElo "2201"]
[PlyCount "43"]
[EventDate "2000.10.21"]

1. e4 c5 2. Nc3 Nc6 3. f4 e6 4. Nf3 d5 5. d3 Nf6 6. e5 Ng8 7. g3 b5 8. d4 b4 9.
Ne2 Nh6 10. Be3 Ba6 11. h3 Nf5 12. Bf2 Qa5 13. Qd2 Rc8 14. g4 Bxe2 15. Bxe2
Nfxd4 16. Nxd4 Nxd4 17. Bd3 g5 18. O-O Bg7 19. f5 Bxe5 20. Qxg5 h5 21. fxe6 f6
22. Qg7 1-0

[Event "XXII Festival A"]
[Site "Arco ITA"]
[Date "2000.10.28"]
[Round "8"]
[White "Konopka, Michal"]
[Black "Rotstein, Arkadij"]
[Result "1-0"]
[WhiteElo "2476"]
[BlackElo "2492"]
[PlyCount "105"]
[EventDate "2000.10.21"]

1. Nf3 c5 2. c4 b6 3. g3 Bb7 4. Bg2 g6 5. O-O Bg7 6. Nc3 Nc6 7. e4 d6 8. d3 e6
9. Be3 Nd4 10. Rb1 Ne7 11. Ne2 Nxe2+ 12. Qxe2 O-O 13. Rbd1 Qc7 14. Qc2 Rac8 15.
b3 e5 16. Nd2 Nc6 17. Nb1 Nd4 18. Qd2 f5 19. Nc3 f4 20. gxf4 Qf7 21. fxe5 Nf3+
22. Bxf3 Qxf3 23. Qe2 Bxe5 24. Qxf3 Rxf3 25. Ne2 Rcf8 26. Kg2 g5 27. Ng1 R3f6
28. f3 Rg6 29. h3 h5 30. Ne2 Bc8 31. d4 Bg7 32. Ng3 Bh6 33. Bg1 g4 34. fxg4
hxg4 35. Rxf8+ Bxf8 36. h4 Bg7 37. d5 Be5 38. Rf1 Rh6 39. h5 Bxg3 40. Kxg3 Rxh5
41. Rf6 Rh3+ 42. Kg2 Bd7 43. Rxd6 Be8 44. Bf2 Rd3 45. Rd8 Kf7 46. e5 Rh3 47.
Bg3 Rh5 48. Ra8 Rh8 49. Rxa7+ Kg6 50. e6 Kf6 51. Ra8 Rg8 52. Bc7 Bf7 53. Bd8+
1-0

[Event "XXII Festival A"]
[Site "Arco ITA"]
[Date "2000.10.28"]
[Round "8"]
[White "Lovati, Paolo"]
[Black "Trauth, Michael"]
[Result "1-0"]
[WhiteElo "2084"]
[BlackElo "2221"]
[PlyCount "81"]
[EventDate "2000.10.21"]

1. c4 g6 2. g3 Bg7 3. Bg2 c5 4. Nc3 d6 5. Nf3 Nf6 6. d3 O-O 7. O-O Nc6 8. Rb1
a6 9. a3 Rb8 10. b4 cxb4 11. axb4 b5 12. cxb5 axb5 13. d4 Bf5 14. Rb3 Ne4 15.
Nxe4 Bxe4 16. d5 Bxf3 17. exf3 Ne5 18. f4 Nc4 19. f5 gxf5 20. Qh5 e6 21. g4
fxg4 22. dxe6 f5 23. h3 Qe7 24. hxg4 Qxe6 25. Rh3 h6 26. Rd1 Kh7 27. g5 Qg6 28.
Qxg6+ Kxg6 29. gxh6 Be5 30. Bd5 Rh8 31. Kh1 f4 32. h7 Kf6 33. Rg1 Rbf8 34. Rg8
Ke7 35. Rxf8 Kxf8 36. Bg8 Nb6 37. Rf3 Nd7 38. Bxf4 Ke7 39. Bg5+ Bf6 40. Re3+
Kf8 41. Bh6+ 1-0

[Event "XXII Festival A"]
[Site "Arco ITA"]
[Date "2000.10.28"]
[Round "8"]
[White "Patelli, Alessandro"]
[Black "Schlichthaar, Robert"]
[Result "1-0"]
[WhiteElo "2244"]
[BlackElo "2198"]
[PlyCount "35"]
[EventDate "2000.10.21"]

1. Nf3 f5 2. d4 Nf6 3. c4 e6 4. g3 c6 5. Bg2 d5 6. O-O Bd6 7. Qc2 O-O 8. Nc3
Qe8 9. Rb1 Qh5 10. b4 Nbd7 11. b5 dxc4 12. bxc6 bxc6 13. e4 fxe4 14. Ng5 Rb8
15. Rxb8 Bxb8 16. Ncxe4 Nb6 17. a4 h6 18. Nxf6+ 1-0

[Event "XXII Festival A"]
[Site "Arco ITA"]
[Date "2000.10.28"]
[Round "8"]
[White "Piankov, Evgenij"]
[Black "Ketzscher, Roland"]
[Result "1-0"]
[WhiteElo "2365"]
[BlackElo "2214"]
[PlyCount "59"]
[EventDate "2000.10.21"]

1. d4 d5 2. Nf3 e6 3. g3 Nf6 4. Bg2 Be7 5. O-O O-O 6. c4 dxc4 7. Qc2 a6 8. Qxc4
b5 9. Qc2 Bb7 10. Bf4 Nd5 11. Rd1 Nxf4 12. gxf4 Nd7 13. e3 Nf6 14. Nbd2 Rc8 15.
Nb3 Be4 16. Qe2 Qd5 17. Rac1 Qh5 18. Nc5 Bxc5 19. Rxc5 Nd5 20. Rd2 f5 21. Ne5
Qxe2 22. Rxe2 Nb6 23. Bxe4 fxe4 24. Rec2 Nd5 25. a3 b4 26. Kg2 Rb8 27. Nd7 b3
28. Rc1 Nb6 29. Nxb8 Rxb8 30. Ra5 1-0

[Event "XXII Festival A"]
[Site "Arco ITA"]
[Date "2000.10.28"]
[Round "8"]
[White "Ragonese, Lucio Rosario"]
[Black "Ager, Josef"]
[Result "1/2-1/2"]
[WhiteElo "1956"]
[BlackElo "2195"]
[PlyCount "83"]
[EventDate "2000.10.21"]

1. d4 Nf6 2. Nf3 g6 3. Bg5 Ne4 4. Bf4 Bg7 5. Nbd2 d5 6. c3 Nd6 7. e3 c6 8. Bd3
Bf5 9. Bxf5 Nxf5 10. e4 dxe4 11. Nxe4 O-O 12. O-O Qd5 13. Re1 Nd7 14. Qb3 b6
15. Ned2 Rfe8 16. Re2 Nf6 17. h3 h5 18. Rae1 b5 19. Ne5 e6 20. Ndf3 a5 21. Bc1
a4 22. Qxd5 cxd5 23. Ng5 Nd6 24. Nd3 a3 25. b4 Nfe4 26. Nxe4 Nxe4 27. Rc2 Rec8
28. Nc5 Nxc5 29. dxc5 Kf8 30. Kf1 Ke7 31. Ke2 Kd7 32. Kd3 e5 33. Rce2 e4+ 34.
Kc2 f5 35. Kb3 Ke6 36. Rd1 Rd8 37. Be3 Be5 38. Bd4 Bc7 39. Bg7 Rd7 40. Bh6 Be5
41. Bc1 f4 42. Rc2 1/2-1/2

[Event "XXII Festival A"]
[Site "Arco ITA"]
[Date "2000.10.28"]
[Round "8"]
[White "Rigo, Janos"]
[Black "Drei, Andrea"]
[Result "1-0"]
[WhiteElo "2309"]
[BlackElo "2350"]
[PlyCount "101"]
[EventDate "2000.10.21"]

1. e4 c5 2. Nf3 e6 3. d4 cxd4 4. Nxd4 Nf6 5. Nc3 Nc6 6. Ndb5 d6 7. Bf4 e5 8.
Bg5 a6 9. Bxf6 gxf6 10. Na3 b5 11. Nd5 Bg7 12. Bd3 Ne7 13. Nxe7 Qxe7 14. c3 f5
15. Nc2 Qb7 16. Qf3 d5 17. exd5 e4 18. Qg3 O-O 19. Be2 Qxd5 20. Ne3 Qc5 21. Rd1
Be6 22. O-O Rad8 23. a3 Kh8 24. Qg5 Qc8 25. f3 Rxd1 26. Rxd1 Rg8 27. Qf4 Qc5
28. fxe4 Bb3 29. Rf1 Re8 30. Rf3 fxe4 31. Rh3 f5 32. Bh5 Be5 33. Qxf5 Be6 34.
Qxe4 Bxh3 35. Bxe8 Bf5 36. Qf3 Bg6 37. Bxg6 hxg6 38. Kf1 Kg7 39. Ng4 Bd6 40.
Qf6+ Kh7 41. Qf7+ Kh8 42. Qxg6 Qc4+ 43. Ke1 Qf4 44. Ke2 Qc4+ 45. Ke1 Qf4 46.
Qf6+ Qxf6 47. Nxf6 Bxh2 48. Nd5 Kg7 49. Nb4 a5 50. Nc6 Bc7 51. Nd4 1-0

[Event "XXII Festival A"]
[Site "Arco ITA"]
[Date "2000.10.28"]
[Round "8"]
[White "Schaefer, Michael"]
[Black "Jens, Jelmer"]
[Result "1/2-1/2"]
[WhiteElo "2221"]
[BlackElo "2280"]
[PlyCount "44"]
[EventDate "2000.10.21"]

1. d4 Nf6 2. c4 g6 3. Nc3 Bg7 4. Nf3 O-O 5. Bf4 d5 6. Rc1 dxc4 7. e3 Be6 8. e4
c6 9. Be2 b5 10. Qc2 Bg4 11. O-O Bxf3 12. Bxf3 Qxd4 13. Rfd1 Qb6 14. b3 cxb3
15. Qxb3 Nfd7 16. Be3 Qb7 17. Nxb5 Ne5 18. Nd4 Nxf3+ 19. Nxf3 Qxb3 20. axb3 Rc8
21. Rc2 Na6 22. Ra2 Nb4 1/2-1/2

[Event "XXII Festival A"]
[Site "Arco ITA"]
[Date "2000.10.28"]
[Round "8"]
[White "Schiappacasse, Marcello"]
[Black "Pegoraro, Nicola"]
[Result "0-1"]
[WhiteElo "2021"]
[BlackElo "2062"]
[PlyCount "82"]
[EventDate "2000.10.21"]

1. Nf3 f5 2. b3 d6 3. d4 g6 4. Bb2 Bg7 5. Nbd2 Nf6 6. e3 O-O 7. c4 Qe8 8. Qc2
Nc6 9. Rd1 e5 10. dxe5 dxe5 11. Be2 h6 12. O-O g5 13. c5 g4 14. Nh4 Qh5 15. g3
Kh8 16. f3 Qg5 17. f4 exf4 18. exf4 Qh5 19. Rfe1 Nb4 20. Qb1 Nbd5 21. Bd3 Nxf4
22. Bxf5 Nh3+ 23. Kg2 Nf4+ 24. Kh1 Bxf5 25. Nxf5 Nh3 26. Rf1 Ne8 27. Nxg7 Nxg7
28. Ne4 Rxf1+ 29. Rxf1 Qd5 30. Rf6 Kg8 31. Rg6 Re8 32. Rxg7+ Kf8 33. Rxg4 Nf2+
34. Kg1 Nxg4 35. Qf1+ Kg8 36. Nf6+ Nxf6 37. Qxf6 Qxc5+ 38. Kg2 Qc6+ 39. Kh3
Qxf6 40. Bxf6 Kf7 41. Bd4 b6 0-1

[Event "XXII Festival A"]
[Site "Arco ITA"]
[Date "2000.10.28"]
[Round "8"]
[White "Sprea, Giuseppe"]
[Black "Sturma, Mauro"]
[Result "0-1"]
[WhiteElo "1930"]
[BlackElo "1987"]
[PlyCount "106"]
[EventDate "2000.10.21"]

1. d4 Nf6 2. c4 e5 3. dxe5 Ng4 4. Nf3 Bc5 5. e3 Nc6 6. Be2 O-O 7. O-O Ngxe5 8.
Nc3 Nxf3+ 9. Bxf3 Ne5 10. Be2 Re8 11. Nd5 c6 12. Nc3 Qe7 13. Qc2 Qh4 14. Qe4
Qe7 15. b3 f5 16. Qc2 Ng4 17. Bxg4 fxg4 18. Na4 Bd6 19. Bb2 b5 20. Nc3 bxc4 21.
bxc4 Qe5 22. g3 Qe6 23. Ne2 c5 24. Rad1 Bb7 25. Rxd6 Qxd6 26. Nf4 Qe7 27. Qc3
Rf8 28. Rd1 Rf7 29. Nh5 Qe4 30. Qxg7+ Rxg7 31. Nf6+ Kf8 32. Nxe4 Bxe4 33. Bxg7+
Kxg7 34. Rxd7+ Kg6 35. Kf1 Bf3 36. Ke1 Kf6 37. Kd2 Rb8 38. Rxa7 Rb2+ 39. Kc3
Rxf2 40. Ra5 Rxh2 41. a4 Rh5 42. Ra6+ Ke7 43. a5 Kd7 44. Rb6 Re5 45. Kd2 Re4
46. Kd3 Re6 47. Rb2 h5 48. Ra2 h4 49. gxh4 g3 50. Ra1 g2 51. Rg1 Re4 52. h5 Rh4
53. a6 Rh1 0-1

[Event "XXII Festival A"]
[Site "Arco ITA"]
[Date "2000.10.28"]
[Round "8"]
[White "Tocco, Paolo"]
[Black "Scharrer, Patrick"]
[Result "1-0"]
[WhiteElo "2139"]
[BlackElo "1825"]
[PlyCount "73"]
[EventDate "2000.10.21"]

1. e4 c5 2. Nc3 Nc6 3. g3 g6 4. Bg2 Bg7 5. d3 e6 6. Be3 d6 7. Qd2 Nd4 8. Nd1
Bd7 9. c3 Nc6 10. Ne2 b5 11. h3 Rb8 12. O-O Nge7 13. d4 cxd4 14. Nxd4 Qc7 15.
Bh6 O-O 16. Bxg7 Kxg7 17. Ne3 Na5 18. Ng4 Ng8 19. b3 Rbc8 20. Rac1 Qb6 21. Ne3
Rfd8 22. Kh2 Nc6 23. Ne2 Nce7 24. f4 h5 25. Rcd1 Bc6 26. f5 d5 27. fxe6 fxe6
28. Nf4 Bb7 29. exd5 exd5 30. Nexd5 Nxd5 31. Bxd5 Bxd5 32. Nxd5 Qc5 33. Qf4 Rf8
34. Qe5+ Kh7 35. Kg2 Qc6 36. Qe4 Qd7 37. Nf6+ 1-0

[Event "XXII Festival A"]
[Site "Arco ITA"]
[Date "2000.10.28"]
[Round "8"]
[White "Valenti, Giuseppe"]
[Black "Luciani, Carlo"]
[Result "1-0"]
[WhiteElo "2190"]
[BlackElo "2225"]
[PlyCount "77"]
[EventDate "2000.10.21"]

1. e4 e5 2. Nf3 Nc6 3. Bb5 a6 4. Ba4 d6 5. O-O Bd7 6. c3 Nge7 7. d4 Ng6 8. Be3
Be7 9. Nbd2 O-O 10. Re1 Bf6 11. a3 Rc8 12. d5 Nb8 13. Bc2 Bg4 14. h3 Bxf3 15.
Qxf3 Bg5 16. Qg4 Bxe3 17. Rxe3 Nd7 18. g3 c6 19. dxc6 bxc6 20. Qe2 a5 21. Rd1
d5 22. Nf3 Ne7 23. exd5 Nxd5 24. Nxe5 Nxe3 25. Rxd7 Qg5 26. Qxe3 Qxe3 27. fxe3
Rb8 28. b4 axb4 29. axb4 Rfe8 30. Nxc6 Ra8 31. Kf2 Ra2 32. Rd2 Kf8 33. b5 g6
34. Ke2 Rb2 35. c4 Ra8 36. Kd3 Ra3+ 37. Kd4 Raa2 38. Kc3 Kg7 39. Nb4 1-0

[Event "XXII Festival A"]
[Site "Arco ITA"]
[Date "2000.10.28"]
[Round "8"]
[White "Wagman, Stuart"]
[Black "Pienabarca, Nicola"]
[Result "1-0"]
[WhiteElo "2190"]
[BlackElo "2030"]
[PlyCount "113"]
[EventDate "2000.10.21"]

1. e4 e6 2. d4 d5 3. Nc3 Nf6 4. e5 Nfd7 5. f4 c5 6. Nf3 Nc6 7. Be3 Qb6 8. Na4
Qa5+ 9. c3 b6 10. Bd2 c4 11. b4 Qa6 12. Be2 Qb7 13. O-O g6 14. Qc2 Ne7 15. Nb2
Nb8 16. a4 Nbc6 17. Nd1 Nf5 18. g4 Nfe7 19. Ne3 Bh6 20. Ng2 Bd7 21. Be1 Bg7 22.
Bh4 Bf8 23. Bf6 Rg8 24. Ng5 h6 25. Nh7 b5 26. Nxf8 Rxf8 27. axb5 Qxb5 28. Bg7
Rg8 29. Bxh6 Rh8 30. Bg5 O-O-O 31. h4 Qb6 32. Qd2 Rdf8 33. b5 Na5 34. Bxe7 Nb3
35. Qb2 Nxa1 36. Bc5 Qxb5 37. Qxb5 Bxb5 38. Bxf8 Nb3 39. Ba3 a5 40. Bd1 Kb7 41.
Bc2 Kc6 42. Kf2 Ba4 43. Rh1 Nc5 44. Bb1 Nb3 45. Bc2 Nc5 46. Bb1 Nb3 47. Ke3 Kb6
48. h5 gxh5 49. gxh5 Na1 50. Ne1 Bd1 51. h6 Bg4 52. h7 Bf5 53. Bxf5 exf5 54.
Be7 a4 55. Bf6 Rxh7 56. Rxh7 a3 57. Be7 1-0

[Event "XXII Festival A"]
[Site "Arco ITA"]
[Date "2000.10.28"]
[Round "8"]
[White "Zucchelli, Massimo"]
[Black "Bondielli, Giorgio"]
[Result "1/2-1/2"]
[WhiteElo "2190"]
[BlackElo "1813"]
[PlyCount "90"]
[EventDate "2000.10.21"]

1. d4 f5 2. g3 Nf6 3. Bg2 g6 4. c3 Bg7 5. Qb3 Nc6 6. Nh3 Na5 7. Qc2 d6 8. Qa4+
c6 9. b4 Nc4 10. Bxc6+ bxc6 11. Qxc6+ Bd7 12. Qxc4 Rc8 13. Qb3 Bc6 14. f3 Qd7
15. a4 Bd5 16. Qb2 e5 17. O-O h6 18. Nf2 O-O 19. Nd2 e4 20. Nd1 h5 21. Ne3 Ba8
22. f4 h4 23. Qb3+ d5 24. Ba3 Kf7 25. Kf2 hxg3+ 26. hxg3 Qc7 27. Rac1 Rh8 28.
Rg1 g5 29. fxg5 f4 30. Ndf1 fxe3+ 31. Nxe3 Nh7 32. Nxd5 Qc4 33. Qxc4 Rxc4 34.
Nf4 Nxg5 35. e3 Bc6 36. Rg2 Rc8 37. Ne2 Bf8 38. Rh1 a5 39. g4 axb4 40. Bxb4
Bxb4 41. cxb4 Rxb4 42. a5 Kg7 43. Ng3 Rh8 44. Rxh8 Kxh8 45. Nf5 Rb2+ 1/2-1/2

[Event "XXII Festival A"]
[Site "Arco ITA"]
[Date "2000.10.29"]
[Round "9"]
[White "Crippa, Gabriele"]
[Black "Sturma, Mauro"]
[Result "1-0"]
[WhiteElo "2136"]
[BlackElo "1987"]
[PlyCount "77"]
[EventDate "2000.10.21"]

1. Nf3 Nf6 2. d4 g6 3. Bg5 Bg7 4. Nbd2 c5 5. e3 cxd4 6. exd4 d6 7. Bd3 Nc6 8.
O-O O-O 9. Re1 Qc7 10. Nc4 Bg4 11. c3 Rae8 12. h3 Bc8 13. Ne3 e5 14. Bb5 Qa5
15. Bxc6 bxc6 16. Nc4 Qc7 17. dxe5 dxe5 18. Qd6 Nd5 19. Qxc7 Nxc7 20. Be3 e4
21. Nfd2 f5 22. Bxa7 Be6 23. Bc5 Rf6 24. Bd4 Rff8 25. Bxg7 Kxg7 26. Na5 Rd8 27.
Red1 c5 28. Ndb3 Ra8 29. Nb7 c4 30. N3c5 Bd5 31. Rd2 Rfb8 32. Nd6 Rd8 33. Rxd5
Nxd5 34. Ne6+ Kf6 35. Nxd8 Rxd8 36. Nxc4 Nf4 37. a4 Rc8 38. Nb6 Rc7 39. a5 1-0

[Event "XXII Festival A"]
[Site "Arco ITA"]
[Date "2000.10.29"]
[Round "9"]
[White "Di Lao, Riccardo"]
[Black "Schiappacasse, Marcello"]
[Result "1-0"]
[WhiteElo "2138"]
[BlackElo "2021"]
[PlyCount "43"]
[EventDate "2000.10.21"]

1. d4 Nf6 2. c4 c5 3. d5 b5 4. cxb5 a6 5. f3 g6 6. e4 d6 7. Nc3 Bg7 8. bxa6
Bxa6 9. Bxa6 Nxa6 10. Nge2 O-O 11. Be3 Qb8 12. Rb1 Nd7 13. O-O Nb6 14. b3 Nb4
15. a4 Rc8 16. Nb5 Qb7 17. Qd2 Ra6 18. h4 h5 19. g4 hxg4 20. h5 gxh5 21. Nf4
Bd4 22. Bxd4 1-0

[Event "XXII Festival A"]
[Site "Arco ITA"]
[Date "2000.10.29"]
[Round "9"]
[White "Di Lazzaro, Gabriele"]
[Black "Astengo, Marcello"]
[Result "1/2-1/2"]
[WhiteElo "1959"]
[BlackElo "2060"]
[PlyCount "23"]
[EventDate "2000.10.21"]

1. d4 d5 2. Nf3 Nf6 3. g3 c6 4. Bg2 e6 5. O-O Bd6 6. c3 Nbd7 7. Nbd2 O-O 8. Re1
Re8 9. e4 dxe4 10. Nxe4 Nxe4 11. Rxe4 Nf6 12. Re1 1/2-1/2

[Event "XXII Festival A"]
[Site "Arco ITA"]
[Date "2000.10.29"]
[Round "9"]
[White "Dittmar, Peter"]
[Black "Valenti, Giuseppe"]
[Result "1/2-1/2"]
[WhiteElo "2364"]
[BlackElo "2190"]
[PlyCount "123"]
[EventDate "2000.10.21"]

1. c4 Nf6 2. Nc3 e6 3. e4 c5 4. e5 Ng8 5. d4 cxd4 6. Qxd4 Nc6 7. Qe4 d6 8. Nf3
dxe5 9. Nxe5 Nf6 10. Nxc6 Qb6 11. Qf3 Qxc6 12. Qxc6+ bxc6 13. Be2 Bb7 14. Bf3
O-O-O 15. Be3 c5 16. Ke2 Bxf3+ 17. Kxf3 Kb7 18. Rhd1 Be7 19. b3 h6 20. h3 Kc6
21. Ke2 a6 22. Na4 Rxd1 23. Rxd1 Nd7 24. f4 h5 25. Kf3 Rd8 26. Ke2 Rg8 27. Rf1
g6 28. Nb2 f5 29. Nd3 Bd6 30. Rd1 Re8 31. Kf2 Nf6 32. Kf3 Ne4 33. Nf2 Nf6 34.
g4 hxg4+ 35. hxg4 Rh8 36. gxf5 gxf5 37. Rg1 Rg8 38. Rh1 Rg6 39. Rh8 Nd7 40. Nd3
Rg7 41. Rh6 Nf8 42. Bf2 Rh7 43. Rxh7 Nxh7 44. a3 a5 45. Be1 Kb6 46. Bc3 Nf8 47.
Kg3 Ng6 48. Bf6 Bc7 49. Kf3 Kc6 50. Bc3 Kb6 51. Bd2 Kc6 52. Be3 Bd6 53. Ke2 e5
54. fxe5 Nxe5 55. Nxe5+ Bxe5 56. Bd2 Bc7 57. Kf3 Kd7 58. Be3 Bd6 59. Bg5 Bc7
60. Bh4 Ke6 61. Be1 Kd7 62. Bf2 1/2-1/2

[Event "XXII Festival A"]
[Site "Arco ITA"]
[Date "2000.10.29"]
[Round "9"]
[White "Drei, Andrea"]
[Black "Zucchelli, Massimo"]
[Result "1/2-1/2"]
[WhiteElo "2350"]
[BlackElo "2190"]
[PlyCount "100"]
[EventDate "2000.10.21"]

1. e4 e6 2. d3 d5 3. Nd2 Nf6 4. Ngf3 Nc6 5. c3 Be7 6. Be2 O-O 7. O-O b6 8. e5
Nd7 9. d4 a5 10. Qa4 Ncb8 11. b4 Bb7 12. b5 f6 13. exf6 Bxf6 14. Qc2 c5 15.
bxc6 Nxc6 16. Bd3 g6 17. Ba3 Rf7 18. Rfe1 e5 19. dxe5 Ndxe5 20. Bb5 Qc7 21. Re2
Nb4 22. Qb3 Nxf3+ 23. Nxf3 Qxc3 24. Qxc3 Bxc3 25. Rc1 Bf6 26. Rb1 Rc8 27. Bxb4
axb4 28. Re6 Kg7 29. Rxb6 Ra8 30. Rxb4 Rxa2 31. Bf1 Bc8 32. Rb8 Bf5 33. R8b7
Ra1 34. Rxf7+ Kxf7 35. Rb7+ Kg8 36. Rb8+ Kf7 37. Rb7+ Kg8 38. Rb8+ Kg7 39. Rb7+
Kf8 40. Rb8+ Ke7 41. Rb7+ Kd6 42. Rb6+ Ke7 43. Rb7+ Kd8 44. Rxh7 Bd3 45. Nd2
Bg5 46. Rh3 Be2 47. f4 Bxf4 48. Kf2 Bh5 49. Rd3 Ra2 50. Rxd5+ Ke7 1/2-1/2

[Event "XXII Festival A"]
[Site "Arco ITA"]
[Date "2000.10.29"]
[Round "9"]
[White "Genocchio, Daniele"]
[Black "Bondielli, Giorgio"]
[Result "1-0"]
[WhiteElo "2201"]
[BlackElo "1813"]
[PlyCount "69"]
[EventDate "2000.10.21"]

1. e4 e5 2. Nf3 Nf6 3. Nc3 Bb4 4. a3 Bxc3 5. dxc3 Nxe4 6. Qe2 Nf6 7. Qxe5+ Qe7
8. Qxe7+ Kxe7 9. Bf4 d6 10. O-O-O Re8 11. Nd4 Bd7 12. Bd3 Nc6 13. Nb5 Rac8 14.
Rhe1+ Be6 15. c4 a6 16. Nc3 Kf8 17. h3 Kg8 18. g4 Nd7 19. b3 Re7 20. Bg3 Rce8
21. f4 Nc5 22. Bf1 f6 23. b4 Nd7 24. c5 dxc5 25. Rxe6 Rxe6 26. Rxd7 Re3 27.
Bc4+ Kh8 28. Ne2 cxb4 29. axb4 b5 30. Bf2 Rxh3 31. Ng1 Rc3 32. Bf7 Rc8 33. Kb2
Nb8 34. Re7 Rc6 35. Bc5 1-0

[Event "XXII Festival A"]
[Site "Arco ITA"]
[Date "2000.10.29"]
[Round "9"]
[White "Ketzscher, Roland"]
[Black "Dalponte, Dino"]
[Result "1-0"]
[WhiteElo "2214"]
[BlackElo "2142"]
[PlyCount "68"]
[EventDate "2000.10.21"]

1. d4 d5 2. c4 e6 3. Nc3 f5 4. Nf3 c6 5. g3 Bd6 6. Bg2 Nd7 7. O-O Ngf6 8. Ng5
Qe7 9. Nh3 O-O 10. Bf4 Ne4 11. f3 Nxc3 12. bxc3 dxc4 13. Bxd6 Qxd6 14. f4 Nb6
15. e4 Qa3 16. Qc2 h6 17. Nf2 Bd7 18. Rfe1 Na4 19. Rab1 b5 20. Re3 Rae8 21. Kf1
Kh8 22. Bh3 c5 23. Qd2 cxd4 24. Qxd4 Qc5 25. Qd2 Bc6 26. exf5 Rd8 27. Qe2 exf5
28. Re5 Qa3 29. Re1 Qxc3 30. Qh5 Be4 31. Qh4 Bd3+ 32. Kg1 Qd4 33. Bf1 Nc3 34.
Qe7 Kg8 1-0

[Event "XXII Festival A"]
[Site "Arco ITA"]
[Date "2000.10.29"]
[Round "9"]
[White "Kleibaumhueter, Klaus"]
[Black "Tocco, Paolo"]
[Result "1/2-1/2"]
[WhiteElo "2187"]
[BlackElo "2139"]
[PlyCount "50"]
[EventDate "2000.10.21"]

1. Nf3 f5 2. c4 Nf6 3. Nc3 g6 4. g3 Bg7 5. Bg2 O-O 6. O-O d6 7. Rb1 e5 8. b4
Nc6 9. b5 Ne7 10. d3 h6 11. c5 g5 12. cxd6 cxd6 13. Qb3+ Kh8 14. Ba3 Ng6 15.
Nd2 Re8 16. Nc4 Bf8 17. Ne3 Be6 18. Ned5 Ne7 19. e4 f4 20. Qb4 Nexd5 21. Nxd5
Nxd5 22. exd5 Bf5 23. Be4 Qd7 24. Bxf5 Qxf5 25. Qe4 Qf6 1/2-1/2

[Event "XXII Festival A"]
[Site "Arco ITA"]
[Date "2000.10.29"]
[Round "9"]
[White "Krivoshey, Sergei"]
[Black "Lazarev, Vladimir"]
[Result "1/2-1/2"]
[WhiteElo "2473"]
[BlackElo "2501"]
[PlyCount "20"]
[EventDate "2000.10.21"]

1. Nf3 Nf6 2. c4 e6 3. Nc3 d5 4. d4 Be7 5. cxd5 exd5 6. Bg5 c6 7. e3 Nbd7 8.
Bd3 Nh5 9. Bxe7 Qxe7 10. O-O O-O 1/2-1/2

[Event "XXII Festival A"]
[Site "Arco ITA"]
[Date "2000.10.29"]
[Round "9"]
[White "Luciani, Carlo"]
[Black "Ragonese, Lucio Rosario"]
[Result "0-1"]
[WhiteElo "2225"]
[BlackElo "1956"]
[PlyCount "74"]
[EventDate "2000.10.21"]

1. e4 c6 2. d4 d5 3. e5 Bf5 4. Nf3 e6 5. Be2 c5 6. Be3 cxd4 7. Nxd4 Ne7 8. Bg5
Qa5+ 9. Nc3 Nbc6 10. Nb3 Qb6 11. Be3 Qd8 12. f4 g5 13. Nb5 Ng6 14. Nc5 Rb8 15.
g4 gxf4 16. Bf2 Be4 17. Nxe4 dxe4 18. Qxd8+ Rxd8 19. Bxa7 Ngxe5 20. Nc7+ Kd7
21. Bb6 Kc8 22. Nb5 Rd7 23. Nc3 Bb4 24. O-O Bxc3 25. bxc3 f3 26. Bb5 Nxg4 27.
h3 Nf6 28. c4 Rg8+ 29. Kh1 Nh5 30. Rf2 Ng3+ 31. Kh2 Ne2 32. Re1 f5 33. Be3 Rdg7
34. Rexe2 fxe2 35. Rxe2 Ne5 36. h4 Nf3+ 37. Kh1 Rg1+ 0-1

[Event "XXII Festival A"]
[Site "Arco ITA"]
[Date "2000.10.29"]
[Round "9"]
[White "Molzahn, Norbert"]
[Black "Pegoraro, Nicola"]
[Result "0-1"]
[WhiteElo "2064"]
[BlackElo "2062"]
[PlyCount "120"]
[EventDate "2000.10.21"]

1. c4 e5 2. Nc3 Nc6 3. g3 d6 4. Bg2 g6 5. Nf3 Bg7 6. O-O Nge7 7. Rb1 O-O 8. b4
f5 9. b5 Nb8 10. Qb3 Kh8 11. Bb2 Nd7 12. Na4 Rb8 13. Ng5 Nc5 14. Nxc5 dxc5 15.
Qe3 Qd6 16. d3 f4 17. Qd2 Bf5 18. Be4 h6 19. Bxf5 hxg5 20. Be4 b6 21. Rbd1 Rbd8
22. Qc2 Bf6 23. Qa4 Kg7 24. Rd2 Rh8 25. g4 Rh4 26. f3 Rdh8 27. Rf2 Qd8 28. Rg2
R8h6 29. e3 Nc8 30. Rde2 Qd6 31. Qa6 Rh8 32. Qb7 Rd8 33. Bc3 Rhh8 34. a4 Rhe8
35. a5 Re7 36. h4 Ree8 37. Bc6 Rh8 38. axb6 axb6 39. hxg5 Bxg5 40. Be4 Ne7 41.
Rh2 Rb8 42. Qa7 fxe3 43. Rxh8 Rxh8 44. Qa1 Bf4 45. Qb2 Kf7 46. Rg2 Qf6 47. g5
Qe6 48. Rg4 Rh5 49. Qg2 Ke8 50. Kf1 Rh2 51. Qg1 Rf2+ 52. Qxf2 exf2 53. Rh4 Be3
54. Rh8+ Kd7 55. f4 Bxf4 56. Bg2 Qd6 57. Be4 Bxg5 58. Rh7 Qf6 59. Bd5 Qf4 60.
Bc6+ Kd6 0-1

[Event "XXII Festival A"]
[Site "Arco ITA"]
[Date "2000.10.29"]
[Round "9"]
[White "Pernigotti, Carlo"]
[Black "Patelli, Alessandro"]
[Result "1/2-1/2"]
[WhiteElo "2199"]
[BlackElo "2244"]
[PlyCount "62"]
[EventDate "2000.10.21"]

1. e4 c5 2. Nc3 Nc6 3. g3 g6 4. Bg2 Bg7 5. d3 d6 6. Nge2 Rb8 7. Be3 Nd4 8. O-O
b5 9. Qd2 b4 10. Nd1 e5 11. Nc1 Ne7 12. c3 bxc3 13. bxc3 Ne6 14. Bh6 O-O 15.
Bxg7 Kxg7 16. f4 exf4 17. gxf4 f5 18. Ne2 d5 19. exf5 Nxf5 20. Ne3 d4 21. Nxf5+
Rxf5 22. Ng3 Rf8 23. c4 Kh8 24. Rae1 Bd7 25. Rf2 Qh4 26. Ref1 Qh6 27. Qe1 Rbe8
28. Qe5+ Qg7 29. Qd6 Qe7 30. Qxe7 Rxe7 31. f5 gxf5 1/2-1/2

[Event "XXII Festival A"]
[Site "Arco ITA"]
[Date "2000.10.29"]
[Round "9"]
[White "Piankov, Evgenij"]
[Black "Kloster, Josef"]
[Result "1-0"]
[WhiteElo "2365"]
[BlackElo "2135"]
[PlyCount "107"]
[EventDate "2000.10.21"]

1. d4 f5 2. g3 Nf6 3. Bg2 e6 4. Nd2 c5 5. c3 Nc6 6. Ndf3 d5 7. Nh3 cxd4 8. cxd4
Bb4+ 9. Bd2 Qa5 10. e3 Ne4 11. a3 Bxd2+ 12. Nxd2 Qxd2+ 13. Qxd2 Nxd2 14. Kxd2
Na5 15. Kc2 Bd7 16. b3 Ke7 17. Kb2 Rac8 18. Rhc1 Rxc1 19. Rxc1 Rc8 20. Rxc8
Bxc8 21. Bf1 Bd7 22. Kc3 Kd6 23. Ng5 h6 24. Nf7+ Ke7 25. Ne5 Be8 26. Be2 Nc6
27. Nd3 Kd6 28. Nc5 Nd8 29. a4 Kc7 30. g4 g6 31. Nd3 Kd6 32. Ne5 Ke7 33. f4 Nc6
34. Nd3 Nd8 35. Nc5 Kd6 36. Kd2 Ke7 37. Ke1 Kd6 38. Kf2 b6 39. Na6 Nb7 40. g5
h5 41. Ke1 Na5 42. Bd1 b5 43. axb5 Bxb5 44. Nc5 Nc6 45. Kd2 a5 46. Kc3 Ke7 47.
Bc2 Kd6 48. Kb2 Ke7 49. Bd3 Bxd3 50. Nxd3 Kd6 51. Ka3 Kc7 52. Ka4 Kb6 53. Nc5
Nd8 54. Nd7+ 1-0

[Event "XXII Festival A"]
[Site "Arco ITA"]
[Date "2000.10.29"]
[Round "9"]
[White "Pienabarca, Nicola"]
[Black "Barucco, Mattia"]
[Result "1/2-1/2"]
[WhiteElo "2030"]
[BlackElo "1912"]
[PlyCount "22"]
[EventDate "2000.10.21"]

1. d4 Nf6 2. c4 g6 3. Nc3 Bg7 4. e4 d6 5. Nge2 O-O 6. Ng3 e5 7. d5 a5 8. Be2 c6
9. O-O cxd5 10. cxd5 Nbd7 11. Be3 Nc5 1/2-1/2

[Event "XXII Festival A"]
[Site "Arco ITA"]
[Date "2000.10.29"]
[Round "9"]
[White "Rotstein, Arkadij"]
[Black "Schaefer, Michael"]
[Result "1-0"]
[WhiteElo "2492"]
[BlackElo "2221"]
[PlyCount "71"]
[EventDate "2000.10.21"]

1. d4 Nf6 2. c4 g6 3. g3 Bg7 4. Bg2 d5 5. Nf3 dxc4 6. Qa4+ Nfd7 7. O-O O-O 8.
Qxc4 Nc6 9. Rd1 Nb6 10. Qc5 e5 11. d5 Nb8 12. Nc3 Na6 13. Qb5 Bd7 14. Qb3 Qc8
15. Be3 c5 16. a4 Qb8 17. Ng5 h6 18. Nge4 c4 19. Qa3 Rd8 20. Qe7 Be8 21. d6 Bc6
22. Nf6+ Bxf6 23. Qxf6 Nd7 24. Qh4 Nac5 25. Qxh6 Ne6 26. Rd2 Nf6 27. Qh4 Ne8
28. Bxc6 bxc6 29. d7 N8c7 30. g4 Qb7 31. Ne4 c5 32. Nf6+ Kf8 33. Rad1 g5 34.
Bxg5 Nxg5 35. Qxg5 Ne6 36. Nh7# 1-0